| 000 | 00583nam a2200181Ia 4500 | ||
|---|---|---|---|
| 003 | GCL | ||
| 008 | 140319s9999 xx 000 0 ara d | ||
| 040 |
_aGCL / _cGCL |
||
| 082 | 0 | 4 |
_a301.363 _bع م |
| 100 | 1 | _aعزمى بشارة | |
| 245 | 1 | 0 |
_aالمجتمع المدنى دراسة نقدية مع اشارة للمجتمع المدنى العربى / _cعزمى بشارة |
| 300 | _a339 ص | ||
| 490 | _a | ||
| 650 | 0 | 4 | _aالمجتمع العربى |
| 650 | 0 | 4 | _aالمجتمعات الحضرية - المغرب |
| 650 | 0 | 4 | _aالمجتمع المدنى |
| 942 |
_2ddc _cBK |
||
| 999 |
_c52262 _d52262 |
||